000 00574 a2200169 4500
020 _a1934154261
020 _a9781934154267
082 _a625.85 ASP
082 0 4 _a625.85
_bASP
245 _aAsphalt binder testing :
_btechnician's manual for specification testing of asphalt binders.
250 _a1st ed.
260 _a[Lexington, Ky.] :
_bAsphalt Institute,
_c2007.
300 _axii, 137 p. :
_bill. ;
_c28 cm.
650 _aBinders (Materials)
_xTesting
650 _aAsphalt
_xAdditives
_xTesting
650 _aPavements, Asphalt
_xAdditives
_xTesting
830 0 _aManual series (Asphalt Institute) ;
999 _c1542
_d1542